Central Library OPAC University of Rajshahi

Campaigns in South-East Asia, 1941-42 (Hong Kong, Malaya, Borneo) / (Record no. 24064)

MARC details
000 -LEADER
fixed length control field 01313nam a22003011a 4500
001 - CONTROL NUMBER
control field 24064
003 - CONTROL NUMBER IDENTIFIER
rucl marc code BD-RjUL
005 - DATE AND TIME OF LATEST TRANSACTION
control field 20211209001015.0
008 - FIXED-LENGTH DATA ELEMENTS--GENERAL INFORMATION
fixed length control field 140312s1960 ii abc b 001 0 eng u
035 ## - SYSTEM CONTROL NUMBER
System control number (BD-RjUL)24130
040 ## - CATALOGING SOURCE
Original cataloging agency CIN
Modifying agency EQO
-- BD-RjUL
Language of cataloging eng
Transcribing agency BD-RjUL
041 ## - LANGUAGE CODE
Language code of text/sound track or separate title eng
082 ## - DEWEY DECIMAL CLASSIFICATION NUMBER
Classification number 940.5354
Author mark and year BHC
090 ## - LOCALLY ASSIGNED LC-TYPE CALL NUMBER (OCLC); LOCAL CALL NUMBER (OCLC)
Classification number (OCLC) (R) ; Classification number, CALL (RLIN) (NR) D767.6
Local cutter number (OCLC) ; Book number/undivided call number, CALL (RLIN) .B46
100 1# - MAIN ENTRY--PERSONAL NAME
Personal name Bhargava, Krishna Dayal,
Dates associated with a name 1912-
9 (RLIN) 58452
245 10 - TITLE STATEMENT
Title Campaigns in South-East Asia, 1941-42 (Hong Kong, Malaya, Borneo) /
Statement of responsibility, etc. by K.D. Bhargava [and] K.N.V. Sastri. Edited by Bisheshwar Prasad
260 ## - PUBLICATION, DISTRIBUTION, ETC. (IMPRINT)
Place of publication, distribution, etc. Delhi :
Name of publisher, distributor, etc. Combined Inter-services Historical Section, India & Pakistan; distributor: Orient Longmans,
Date of publication, distribution, etc. 1960.
300 ## - PHYSICAL DESCRIPTION
Pagination xxxix, 424 p., [6] p. of plates :
Illustrations ill., maps (part fold. cl.) ports. ;
Size 25 cm.
490 1# - SERIES STATEMENT
Series statement Official history of the Indian Armed Forces in the Second World War, 1939-45. Campaigns in the Eastern theatre
504 ## - BIBLIOGRAPHY, ETC. NOTE
Bibliography, etc Includes Bibliography: p.[4l4]-416 and index.
650 #0 - SUBJECT ADDED ENTRY--TOPICAL TERM
Topical term or geographic name as entry element World War, 1939-1945
Geographic subdivision Southeast Asia
9 (RLIN) 73792
Topical term or geographic name as entry element World War, 1939-1945
Geographic subdivision India
9 (RLIN) 74130
700 1# - ADDED ENTRY--PERSONAL NAME
Personal name Prasad, Bisheshwar.
Personal name Sastri, Kasi Nageswara V.,
Dates associated with a name 1895-
830 #0 - SERIES ADDED ENTRY--UNIFORM TITLE
Uniform title Official history of the Indian Armed Forces in the Second World War, 1939-45.
942 ## - ADDED ENTRY ELEMENTS (KOHA)
Source of classification or shelving scheme Dewey Decimal Classification
Koha item type Books
Holdings
Lost status Source of classification or shelving scheme Damaged status Not for loan Collection code Permanent Location Current Location Shelving location Date acquired Source of acquisition Cost, normal purchase price Total Checkouts Full call number Date last seen Copy number Koha item type
  Dewey Decimal Classification   Added to bundle Non-fiction Central Library, University of Rajshahi Central Library, University of Rajshahi Reading Room 27/03/1965 Book Center 31.25   940.5354 BHC 1960 12/03/2014 C-1 Books